00818 a2200169 45000010006000000050017000060080041000230030015000640400040000790800097001192450162002162640034003783000019004125050172004311000025006037000020006285898720260407155844.0260407a1969 arg spa dAR-UNSa-BCEJYS aAR-UNSa-BCEJYSbspacAR-UNSa-BCEJYS a338.43xAgricultura como una rama de la economía. Economía de los productos alimenticios10aLa crisis económica de la agriculturapcon un apendice sobre la teoría del crecimiento económico y la rentabilidad de la agriculturaan América Latina 1aBuenos Aires :bAlianzac1969 a200 p.c19 cm. a1. Una interpretación económica - 2. La agricultura tradicional - 3. La agricultura tradicional como fuente de crecimiento económico - 4. La agricultura moderna.1 aSchultz, Theodore W.1 aVergara, José